| 000 | 01062nam a22003257a 4500 | ||
|---|---|---|---|
| 003 | CHAP | ||
| 005 | 20220329140915.0 | ||
| 008 | 971013s1994 r 00010 d | ||
| 010 | _a59634 | ||
| 011 | _a60606 | ||
| 035 | _a64768 | ||
| 040 | _cCHAP | ||
| 082 |
_a632.2 _bW5 |
||
| 100 | 0 | 0 |
_aWilliams, Michele A. _eed. _9122082 |
| 245 |
_aPlant galls _b: organisms, interactions, populations |
||
| 260 |
_aOxford : _bClarendon, _c1994 |
||
| 300 |
_a488 p. _b: ilus. |
||
| 490 |
_aThe Systematic Association. Special volume _v; 49 |
||
| 590 |
_aBATCH-UPD _b10 _c20130110 _lUCH01 _h0749 |
||
| 590 |
_aBATCH-UPD _b10 _c20130410 _lUCH01 _h0430 |
||
| 590 |
_aBATCH-UPD _b10 _c20130914 _lUCH01 _h0907 |
||
| 590 |
_aCONVERSION _b10 _c20130109 _lUCH01 _h1332 |
||
| 650 | 1 | 4 |
_aCecidias. _920823 |
| 650 | 1 | 4 |
_aFitopatología. _941161 |
| 650 | 1 | 4 |
_aPlantas e insectos. _988939 |
| 830 | 0 |
_aThe Systematic Association. Special volume _v; 49 _9112713 |
|
| 901 | _aBK | ||
| 942 | _cLIBRO | ||
| 949 |
_a632.2 W5 _bBC _cLIBRO _d33724000084117 _eLIBRO _gI.181188 _h90140 _i64768 _si _t1003.00 |
||
| 999 |
_c59634 _d59634 |
||